| 000 | 00549nam a2200241 a 4500 | ||
|---|---|---|---|
| 001 | nice12345678 | ||
| 003 | IN_TiNIC | ||
| 005 | 20260116011632.0 | ||
| 008 | 050524s1939 lona grp 000 0 eng | ||
| 020 |
_a _c0 |
||
| 082 | 0 | 0 |
_a248.4 _bGRE |
| 100 | _aGrensted, L W | ||
| 245 | _aBusiness of Living | ||
| 260 |
_aLondon _bScm Press _c1939 |
||
| 300 | _a187p | ||
| 500 | _aincludes index and biblioraphy | ||
| 505 | 2 | _aIndex | |
| 650 | _aChristian-Life | ||
| 700 | 1 | _aGrensted, L W | |
| 902 | _bSRS | ||
| 942 | _cBK | ||
| 999 |
_c3028 _d3028 |
||